[Event "Olympiad Women 2024"]
[Site "Budapest HUN"]
[Date "2024.09.18"]
[Round "7.61"]
[Board "1"]
[White "Spinola, Divania"]
[Black "Morales Santos, Natasha"]
[Result "0-1"]
[WhiteElo "1583"]
[BlackElo "1972"]
[PlyCount "66"]
[EventDate "2024.09.11"]
[WhiteTeam "Cape Verde"]
[BlackTeam "Puerto Rico"]
[BlackTeamCountry "PUR"]

1. e4 c5 2. d3 g6 3. Be3 ({RR} 3. g3 d5 4. exd5 Qxd5 5. Nf3 Nf6 6. Bg2 Bg7 7. O-O Nc6 8. Nc3 Qh5 9. Ng5 Nd4 10. f3 h6 11. Nge4 Nxe4 12. dxe4 Be6 13. Be3 Rd8 14. Qc1 g5 15. Rf2 Qg6 16. Bf1 O-O 17. Ne2 f5 {0-1 Libiszewski,F (2316)-Epishin,V (2643) Creon op 7th 2002 (3)}) 3... Bg7 4. Nc3 ({RR} 4. c3 d6 5. d4 cxd4 6. cxd4 d5 7. e5 Nh6 8. Nc3 O-O 9. h4 Nf5 10. g4 Nxe3 11. fxe3 f6 12. exf6 Bxf6 13. g5 Bg7 14. Bg2 e6 15. Nh3 Qd6 16. Ne2 Nc6 17. Nhf4 Bd7 18. O-O Ne7 {½-½ Surtees,M (2050)-Ridge,M (1897) Bolton Easter 2024 (5.7)}) 4... d6 5. Be2 $146 ({RR} 5. d4 Qb6 6. dxc5 Qxb2 7. Nge2 Bxc3+ 8. Nxc3 Qxc3+ 9. Bd2 Qxc5 10. Be3 Qc3+ 11. Bd2 Qd4 12. Bd3 Nf6 13. Be3 Qc3+ 14. Bd2 Qc7 15. O-O Nc6 16. Re1 Bg4 17. f3 Bd7 18. Rb1 Ne5 19. Qc1 Nxd3 {0-1 Kulagina,P-Dmitriev,Y Sterlitamak Rochinskiy op 2012 (6)}) ({RR} 5. d4 cxd4 6. Bxd4 Nf6 7. Nf3 Nc6 8. Be3 O-O 9. h3 Qa5 10. Bd3 a6 11. O-O b5 12. a3 Bb7 13. Nd5 Nxd5 14. exd5 Ne5 15. Nxe5 Bxe5 16. c3 Bxd5 17. f4 Bg7 18. Bxg6 hxg6 19. Qxd5 Rac8 {1-0 Pischal,Y (1963)-Vusatiuk,V (2323) Titled Tuesday intern op 12th Jan blitz 2021 (11)}) 5... Nc6 6. Nf3 Nf6 7. O-O O-O 8. d4 Ng4 9. dxc5 Nxe3 10. fxe3 dxc5 11. Qxd8 Rxd8 12. Bc4 e6 13. Ng5 Ne5 14. Bb3 c4 15. Ba4 a6 16. Rad1 Rf8 17. h3 h6 18. Nf3 Nxf3+ 19. Rxf3 Bxc3 20. bxc3 b5 21. Rd4 Bb7 22. Bb3 cxb3 23. cxb3 e5 24. Rd2 Bxe4 25. Rff2 Rfd8 26. Rde2 Rd1+ 27. Kh2 Rad8 28. Rf6 R8d2 29. Rxd2 Rxd2 30. Kg1 Rxg2+ 31. Kf1 Rxa2 32. Rxa6 Rxa6 33. b4 Ra2 0-1

[Event "Olympiad Women 2024"]
[Site "Budapest HUN"]
[Date "2024.09.18"]
[Round "7.61"]
[Board "3"]
[White "Almeida, Jacira Laura"]
[Black "Alvarado Perez, Coralys M."]
[Result "0-1"]
[WhiteElo "1616"]
[BlackElo "1694"]
[PlyCount "106"]
[EventDate "2024.09.11"]
[WhiteTeam "Cape Verde"]
[BlackTeam "Puerto Rico"]
[BlackTeamCountry "PUR"]

1. e4 d5 2. exd5 Qxd5 3. Nc3 Qa5 4. Bc4 Nf6 5. Nf3 Bf5 6. d3 e6 7. Bd2 Bb4 8. O-O Nbd7 9. a3 Bxc3 10. Bxc3 Qb6 11. Re1 $146 ({RR} 11. Qd2 O-O 12. Rfe1 h6 13. Re3 Nd5 14. Bxd5 exd5 15. b3 Bg4 16. Bb2 c5 17. Ne5 d4 18. Re4 Nxe5 19. Rxe5 Rac8 20. Rae1 Qg6 21. Qf4 Be6 22. Qf3 Rc7 23. Bc1 Re7 24. h3 b6 25. Bf4 Qf6 {½-½ Simaite,M (1466)-Sibajeva,M (1871) LTU-ch sf (Women) 2015 (1)}) 11... O-O 12. h3 c6 13. Nh4 Bg6 14. Nxg6 hxg6 15. Qf3 Nd5 16. Bxd5 cxd5 17. Qf4 Rac8 18. Rac1 a6 19. Qd4 Qxd4 20. Bxd4 Rc6 21. c4 Rfc8 22. b3 dxc4 23. Rxc4 b5 24. Rxc6 Rxc6 25. Rd1 e5 26. Bb2 Rc2 27. Bc1 Nc5 28. b4 Na4 29. Kf1 Nb2 30. Bxb2 Rxb2 31. d4 exd4 32. Rxd4 Rb3 33. Rd8+ Kh7 34. Rd7 f6 35. h4 Rxa3 36. Ra7 Ra4 37. g4 Rxb4 38. Rxa6 Rxg4 39. Rb6 b4 40. Ke2 Rxh4 41. f3 Rc4 42. Kd3 Rc3+ 43. Kd2 Rxf3 44. Rxb4 g5 45. Ke2 Rf4 46. Rb3 g4 47. Rg3 f5 48. Ke3 Re4+ 49. Kf2 Kg6 50. Rg1 Kg5 51. Kg3 f4+ 52. Kf2 g3+ 53. Kf3 Re3+ 0-1

[Event "Olympiad Women 2024"]
[Site "Budapest HUN"]
[Date "2024.09.18"]
[Round "7.62"]
[Board "1"]
[White "Al Aisaee, Anat"]
[Black "Feng, Eunice"]
[Result "0-1"]
[WhiteElo "1608"]
[BlackElo "1974"]
[PlyCount "60"]
[EventDate "2024.09.11"]
[WhiteTeam "Oman"]
[BlackTeam "Hong Kong, China"]
[WhiteTeamCountry "OMN"]

1. e4 c6 2. Nc3 d5 3. Nf3 Bg4 4. h3 Bh5 5. exd5 cxd5 6. g4 Bg6 7. Bb5+ Nc6 8. Ne5 Rc8 9. d4 e6 10. h4 f6 11. Nxg6 hxg6 12. Qd3 Kf7 13. Be3 Bb4 14. Bd2 ({RR} 14. h5 gxh5 15. gxh5 Nge7 16. a3 Bxc3+ 17. Qxc3 Qa5 18. Qxa5 Nxa5 19. Bd3 Nf5 20. b3 Nc6 21. Bxf5 exf5 22. O-O-O Rhe8 23. Rd3 Re4 24. f3 Re6 25. Kd2 Rce8 26. Rh4 Rh8 27. c4 Ne7 28. Bf4 Ke8 {1-0 Nakamura,H (2760)-Grischuk,A (2764) Beijing Sportaccord blitz 2012 (2)}) 14... Qa5 ({RR} 14... Nge7 15. a3 Bxc3 16. Bxc3 Na5 17. Qg3 Nc4 18. O-O-O a6 19. Bxc4 dxc4 20. Bd2 Qc7 21. f4 Qc6 22. Rde1 Qd5 23. Rhg1 Rc6 24. Bb4 c3 25. f5 cxb2+ 26. Kb1 Re8 27. Rxe6 Rxe6 28. fxe6+ Qxe6 29. Re1 {1-0 Kulon,K (2314)-Jobava,B (2578) 1st Munich Pfingst-Open A 2023 (2.4)}) 15. Bxc6 Rxc6 16. h5 $146 ({RR} 16. a3 Ne7 17. Ke2 Bxc3 18. Bxc3 Qc7 19. Rh3 e5 20. dxe5 fxe5 21. Re1 d4 22. Bb4 Nd5 23. Qb3 Rd8 24. Kf1 Rxc2 25. Bc3 dxc3 26. Qxc2 Qc4+ 27. Qe2 Qxe2+ 28. Rxe2 Nf4 29. Rxc3 Nxe2 30. Rc7+ Ke6 {1-0 Ungnad,R-Jurasin,M Bundesliga 1977/78 South}) 16... gxh5 17. gxh5 Ne7 18. O-O-O Bxc3 19. Bxc3 Qxa2 20. Rdg1 Nf5 21. Qf3 Rh6 22. Qf4 Rc8 23. Kd2 Qc4 24. Ra1 a6 25. Rac1 b5 26. Ke1 b4 27. Rh3 bxc3 28. Rxc3 Qb4 29. Qd2 Rxc3 30. bxc3 Qc4 0-1

[Event "Olympiad Women 2024"]
[Site "Budapest HUN"]
[Date "2024.09.18"]
[Round "7.62"]
[Board "2"]
[White "Lou, Yuxin"]
[Black "Al Nadabi, Yomna"]
[Result "1-0"]
[WhiteElo "1654"]
[BlackElo "1612"]
[PlyCount "71"]
[EventDate "2024.09.11"]
[WhiteTeam "Hong Kong, China"]
[BlackTeam "Oman"]
[BlackTeamCountry "OMN"]

1. d4 Nf6 2. c4 e6 3. Nc3 Bb4 4. Nf3 h6 5. Bd2 ({RR} 5. Qc2 c5 6. dxc5 Na6 7. a3 Bxc3+ 8. Qxc3 Nxc5 9. b4 Nce4 10. Qd4 d6 11. g3 e5 12. Qe3 Be6 13. Bg2 Bxc4 14. Nh4 d5 15. Bxe4 dxe4 16. Qc5 Be6 17. Bb2 Rc8 18. Qxe5 O-O 19. Rd1 Qc7 {1-0 Andreikin,D (2729)-Dardha,D (2631) Titled Tue 2nd May Late 2023 (8)}) 5... O-O 6. a3 ({RR} 6. e3 c5 7. a3 Bxc3 8. Bxc3 Ne4 9. Qc2 Nxc3 10. Qxc3 b6 11. O-O-O Bb7 12. d5 exd5 13. cxd5 d6 14. g4 Nd7 15. g5 hxg5 16. Rg1 Qf6 17. Nxg5 Qxc3+ 18. bxc3 Nf6 19. e4 Rfe8 20. Bd3 Bc8 {0-1 Rasulov,V (2550)-Megaranto,S (2504) 17th Agzamov Mem 2024 (7.1)}) 6... Be7 7. e4 $146 ({RR} 7. e3 Nc6 8. Bd3 b6 9. O-O Bb7 10. Qc2 d5 11. b4 dxc4 12. Bxc4 Bd6 13. b5 Ne7 14. e4 Ng6 15. e5 Be7 16. exf6 Bxf6 17. Be3 Bxf3 18. gxf3 Bxd4 19. Bxd4 Qxd4 20. Qd3 Qf6 21. Kh1 Rad8 {0-1 Bacakova,K (955)-Rafikova,A (1375) GER-ch U10 Girls 2021 (3)}) 7... d6 8. h3 c5 9. d5 exd5 10. exd5 Re8 11. Bd3 Bf8+ 12. Be3 Nh5 13. O-O a6 14. Ng5 g6 15. Nf3 Nd7 16. Qd2 g5 17. Rfe1 Ne5 18. Nxe5 Rxe5 19. f4 gxf4 20. Bxf4 Rxe1+ 21. Rxe1 Qf6 22. Be3 Qg7 23. g4 f5 24. Bxh6 Qxh6 25. Qxh6 Bxh6 26. gxh5 Kf7 27. Na4 Bd7 28. Nb6 Rg8+ 29. Kh1 Rg3 30. Bc2 f4 31. Bg6+ Kg8 32. Nxd7 f3 33. Re8+ Kg7 34. Re7+ Kh8 35. Rh7+ Kg8 36. Nf6+ 1-0

[Event "Olympiad Women 2024"]
[Site "Budapest HUN"]
[Date "2024.09.18"]
[Round "7.62"]
[Board "3"]
[White "Al Ghafri, Alanoud"]
[Black "Liu, Tian Yi"]
[Result "0-1"]
[WhiteElo "1546"]
[BlackElo "1607"]
[PlyCount "114"]
[EventDate "2024.09.11"]
[WhiteTeam "Oman"]
[BlackTeam "Hong Kong, China"]
[WhiteTeamCountry "OMN"]

1. e4 {Ftacnik,Lubomir} c6 2. d4 d5 3. Nc3 dxe4 4. Nxe4 Bf5 5. Ng3 Bg6 6. Nf3 Nd7 7. h4 h6 8. h5 Bh7 9. Bd3 Bxd3 10. Qxd3 e6 11. Bf4 Qa5+ 12. Bd2 Bb4 13. c3 Be7 14. Ne4 Ngf6 15. c4 Qc7 16. O-O-O O-O 17. Nxf6+ ({RR} 17. g4 Nxg4 ({RR} 17... Nxe4 18. Qxe4 Nf6 19. Qe2 Nh7 20. Ne5 Bf6 21. Bf4 Qe7 22. Kb1 Rfd8 23. c5 a5 24. Rh3 Bxe5 25. Bxe5 f6 26. Bd6 Rxd6 27. cxd6 Qxd6 28. Re3) 18. Qe2 f5 19. Rdg1 ({RR} 19. Nh4 Bxh4 20. Rxh4 Qd8 21. Rhh1 Nb6 22. Nc3 Qxd4 23. f3 Nf6 24. Qxe6+ Rf7) 19... Rae8 ({RR} 19... fxe4 20. Qxe4 ({RR} 20. Rxg4 Rxf3 21. Bxh6 Rf7 22. Rhg1 Bf6 23. Bxg7 Bxg7 ({RR} 23... Rxg7 24. Rxg7+ Bxg7 25. h6 Qf4+ 26. Qd2 Qxd2+ 27. Kxd2 Nf6 28. Rxg7+ Kh8 29. Rxb7 Ng4) 24. h6 Qh2 ({RR} 24... Nf6 25. Rxg7+ Kh8 26. Qe3) 25. Rxg7+ Kh8 26. Rxf7 Qxg1+ 27. Qd1 Qxd1+ 28. Kxd1 Rd8) 20... Ndf6 ({RR} 20... Ngf6 21. Qxe6+ Rf7 22. Nh4) 21. Qxe6+ Rf7 22. Rxg4 Nxg4 23. Qxg4 Bd6 24. Re1 Qc8) 20. Ne1 ({RR} 20. Ng3 Bf6 21. Kb1 c5 22. Bc3 cxd4 23. Nxd4 Qf4) 20... e5 ({RR} 20... c5 21. Nxc5 ({RR} 21. dxc5 Nxc5 22. Nc3 Qe5) 21... Nxc5 22. f3 Nf2 23. Qxf2 Nd3+ 24. Nxd3 Qxc4+ 25. Bc3 Qxd3) 21. Ng3 exd4 ({RR} 21... Bg5 22. Nxf5 ({RR} 22. Bxg5 exd4 23. Be7 Nb8 24. Qe6+ Rf7 25. Nxf5 Qf4+ 26. Kb1 Qxf5+ 27. Qxf5 Rxf5 28. Rxg4 Rxe7 29. Rxd4 Rd7) 22... Bxd2+ ({RR} 22... Rxf5 23. Bxg5 Ndf6 24. Bxf6 Nxf6) 23. Qxd2 Rxf5 24. Rxg4 Nf6 25. Rg6 exd4) 22. Nxf5 Rxf5 23. Qxg4 Rf7 ({RR} 23... Rg5 24. Bxg5 Bxg5+ 25. Kb1 Ne5 26. Qe2 ({RR} 26. Qxd4 Rd8 27. Qxa7 Rd1+ 28. Kc2 Rc1+ 29. Kb3 Qd8) 26... Qf7) 24. Bxh6 Bf6 ({RR} 24... Ne5 25. Qe4 Bf6 26. Bf4 Nd3+ 27. Nxd3 Rxe4 28. Bxc7 Rxc7 29. h6) 25. Bd2 Ne5 26. Qe2 d3 ({RR} 26... Qb6 27. h6 ({RR} 27. b3 Rfe7 ({RR} 27... Qd8 28. h6) 28. h6 d3 29. Qe3 ({RR} 29. Qe4 Nf3 30. Qxf3 Qd4) 29... Nxc4) 27... Qa6 28. hxg7 Bxg7 29. b3 Qxa2 30. Rxg7+ Rxg7 31. Rh8+ Kxh8 32. Qh5+ Kg8 33. Qxe8+ Kh7) 27. Qe4 ({RR} 27. Nxd3 Nxd3+ 28. Qxd3 Rd7 29. Qg6 Bxb2+ 30. Kb1 Ree7 31. Be3) 27... Qb6 ({RR} 27... Rfe7 28. Qf4 Qd6 29. h6 Rd7 30. hxg7 Bxg7) 28. b3 Qc5 ({RR} 28... Qxf2 29. Rg2 ({RR} 29. h6 c5) 29... Qc5 30. h6 Qe7 31. hxg7 Rxg7 32. Qh7+ Kf7 33. Rxg7+ Bxg7 34. Rf1+ Ke6 35. Nxd3 Kd7 36. Re1 Kd8 37. Kc2) ({RR} 28... Rfe7 29. Qf4) 29. h6 Qa3+ 30. Kd1 ({RR} 30. Kb1 Rfe7 ({RR} 30... Qb2+ 31. Kxb2 Nxc4+ 32. Kc1 Rxe4 33. bxc4 Rxc4+ 34. Kb1) 31. Rxg7+ Rxg7 32. hxg7 Qb2+ 33. Kxb2 Nd7+ 34. Kc1 Rxe4 35. Nxd3) 30... Qxa2 ({RR} 30... g6 31. Rxg6+ Nxg6 32. Qxg6+ Kf8 33. h7 Ke7 34. Nxd3 Qxa2 35. Nc1) 31. Qh7+ {1-0 Bacrot,E (2705)-Leko,P (2747) Elista FIDE GP 2008 (4)} {RR} Kxh7 ({RR} 31... Kf8 32. Bb4+ Rfe7 33. hxg7+) 32. hxg7+ Kg8 33. Rh8#) 17... Nxf6 18. Ne5 c5 19. Bc3 $146 ({RR} 19. Bf4 Bd6 20. Rhe1 Rad8 21. dxc5 Qxc5 22. Qc2 Nxh5 23. Bh2 Nf6 24. g4 Bxe5 25. Bxe5 Rxd1+ 26. Kxd1 Nxg4 27. Bxg7 Kxg7 28. Rg1 Rd8+ 29. Kc1 f5 30. Qc3+ Qd4 31. Qb4 Qxf2 32. Qe7+ Kg6 33. Rxg4+ fxg4 {0-1 Kleibeuker,M (1940)-Grooten,H (2217) Open NK Rapid 2024 (5.9)}) 19... Rfd8 20. Qe2 b5 21. a3 b4 22. axb4 cxb4 23. Be1 Qb6 24. c5 Qa5 25. Nc6 Qa1+ 26. Kd2 Qxb2+ 27. Ke3 Nd5+ 28. Kf3 Qb3+ 29. Qd3 Qxd3+ 30. Rxd3 Rd7 31. Rb3 a5 32. Bd2 Bf6 33. Ra1 a4 34. Bxb4 Rc7 35. Ne5 Bxe5 36. dxe5 Rb7 37. Rb2 Rxb4 38. Rc2 Rb3+ 39. Ke2 Rc3 40. Rxc3 Nxc3+ 41. Kd3 Nd5 42. Kc4 Kf8 43. Kb5 Ke7 44. c6 Kd8 45. g3 a3 46. f4 Kc7 47. Kc5 Ra5+ 48. Kd4 Kxc6 49. Kd3 a2 50. Kc4 Ra3 51. g4 Ne3+ 52. Kb4 Nc2+ 53. Kc4 Nxa1 54. f5 exf5 55. gxf5 Nb3 56. e6 a1=Q 57. exf7 Qd4# 0-1

[Event "Olympiad Women 2024"]
[Site "Budapest HUN"]
[Date "2024.09.18"]
[Round "7.62"]
[Board "4"]
[White "Liang, Liyun"]
[Black "Al Bulushi, Rawan"]
[Result "1/2-1/2"]
[WhiteElo "1463"]
[BlackElo "1560"]
[PlyCount "127"]
[EventDate "2024.09.11"]
[WhiteTeam "Hong Kong, China"]
[BlackTeam "Oman"]
[BlackTeamCountry "OMN"]

1. e4 c5 2. Nf3 d6 3. d4 cxd4 4. Qxd4 Nc6 5. Bb5 Bd7 6. Bxc6 Bxc6 7. c4 Nf6 8. Nc3 e6 9. O-O Be7 10. Rd1 h6 ({RR} 10... O-O 11. b3 Qa5 12. Bb2 a6 13. Qd3 Rfd8 14. Nd4 Be8 15. a4 Rac8 16. Qg3 Qe5 17. f4 Qh5 18. Nd5 Nxd5 19. Nxe6 Qh6 20. Nxg7 Qxf4 21. Rxd5 Qxg3 22. hxg3 Bc6 23. Rh5 Bxe4 24. Re1 d5 25. Nf5 {½-½ Zhang,Z (2649)-Ghaem Maghami,E (2599) WMSG Rapid Pair 1st 2008 (4)}) ({RR} 10... O-O 11. h3 a6 12. Be3 b5 13. Rac1 bxc4 14. Qxc4 Bb7 15. e5 Nd5 16. Nxd5 Bxd5 17. Qc7 Rc8 18. Qxd8 Rfxd8 19. exd6 Bxd6 20. b3 Ba3 21. Rxc8 Rxc8 22. Nd4 f6 23. h4 Kf7 24. h5 g6 25. hxg6+ {0-1 Saha,A (1992)-Rustamov,R (2261) Titled Tue 9th Jan Early 2024 (5)}) 11. h3 O-O 12. Be3 a6 13. Qd3 $146 ({RR} 13. a4 Qc7 14. b4 Rac8 15. b5 Bd7 16. Nd2 Rfd8 17. Rdc1 Be8 18. a5 Qc5 19. Qd3 Qh5 20. Bb6 Rd7 21. f4 Qg6 22. Nf3 Nh5 23. Be3 f5 24. exf5 Qxf5 25. Qxf5 exf5 26. Nd5 Ng3 27. Kh2 Ne4 {1-0 Gonsior,M (2120)-Czaja,A POL-ch U18 Girls 1995 (1)}) 13... Qc7 14. Nd4 Bd7 15. Rac1 Rfd8 16. Qd2 e5 17. Nd5 Nxd5 18. cxd5 Qb8 19. Nf5 Bxf5 20. exf5 Rc8 21. Qe2 Rxc1 22. Rxc1 Qd8 23. Rc4 Qa5 24. Rg4 Kh7 25. Qf3 Qxa2 26. Qg3 Bf6 27. Rb4 Qxd5 28. Rb6 a5 29. Qg4 Bd8 30. f6 Bxf6 31. Qf5+ Kg8 32. Qd7 Rd8 33. Qc7 Qd1+ 34. Kh2 Qd5 35. Rxb7 Ra8 36. Qb6 Rc8 37. Rd7 Qc6 38. Qa7 Ra8 39. Rxd6 Rxa7 40. Rxc6 Rb7 41. Ra6 Rxb2 42. Rxa5 Kh7 43. Kg3 Rb3 44. h4 h5 45. Kf3 Rb4 46. g3 Kg6 47. Ra6 Rb7 48. Ke4 Rd7 49. Bg5 Rd4+ 50. Kf3 Kf5 51. Be3 Rd3 52. Ra7 Ke6 53. Ke4 Rd6 54. Ra5 g6 55. Rb5 Bg7 56. Rb6 f5+ 57. Kf3 e4+ 58. Ke2 Rxb6 59. Bxb6 Kd5 60. Be3 Bc3 61. Kd1 Kc4 62. Ke2 Bb4 63. Bg5 Bc3 64. Be3 1/2-1/2

[Event "Olympiad Women 2024"]
[Site "Budapest HUN"]
[Date "2024.09.18"]
[Round "7.63"]
[Board "1"]
[White "Nahed Galab"]
[Black "Alazmi, Amani"]
[Result "0-1"]
[WhiteElo "1693"]
[BlackElo "1673"]
[PlyCount "88"]
[EventDate "2024.09.11"]
[WhiteTeam "Sudan"]
[BlackTeam "Kuwait"]
[WhiteTeamCountry "SUD"]
[BlackTeamCountry "KUW"]

1. Nf3 d5 2. d4 Nf6 3. g3 e6 4. Bg2 c5 5. c4 Nc6 6. cxd5 exd5 7. Nc3 cxd4 8. Nxd4 Be7 ({RR} 8... Qb6 9. Nxc6 bxc6 10. O-O Be7 11. e4 Ba6 12. Re1 dxe4 13. Nxe4 O-O 14. Be3 Qb5 15. Bg5 Rad8 16. Qc2 Qc4 17. Qxc4 Bxc4 18. Nxf6+ Bxf6 19. Bxf6 gxf6 20. Bxc6 Rd2 21. b3 Rc8 22. Bb7 Rb8 23. Bf3 {1-0 Gyimesi,Z (2525)-Ponomariov,R (2555) Wch U20 Zagan 1997 (3)}) 9. Bf4 $146 ({RR} 9. Qa4 Qb6 10. Nxc6 Qxc6 11. Qb3 Be6 12. Bg5 Ne4 13. Bxe7 Nxc3 14. Bb4 Ne4 15. O-O Qb5 16. Bxe4 dxe4 17. Qc3 f6 18. Qd4 Qd5 19. Qe3 f5 20. Rfd1 Qb5 21. Qc3 Kf7 22. Qc7+ Kg6 23. Bc3 Rhg8 {1-0 Fournarakos,G (2068)-Kakkanas,E (2038) Heraklion op 6th 2002 (8)}) ({RR} 9. Rg1 O-O 10. h3 Re8 11. e3 Bc5 12. Nb3 Bb6 13. Nxd5 Nxd5 14. Bxd5 Nb4 15. Bf3 Qc7 16. Kf1 Bxh3+ 17. Bg2 Rad8 18. Qe2 Bf5 19. e4 Be6 20. Bf4 Qe7 21. Rh1 Rc8 22. Rd1 Bc4 23. Bd6 Bxe2+ {0-1 Ghaziolsharif,K (1490)-De Silva,S (1585) Asia-ch Universities (Women) 2020 (4)}) ({RR} 9. O-O) ({RR} 9. Qa4 Bd7 10. O-O Qb6 11. Nxc6 bxc6 12. Qc2 O-O 13. Be3 Qb4 14. a3 Qg4 15. h3 Qh5 16. g4 Qe5 17. Qd3 Bd6 18. f4 Qe7 19. Bd4 Rab8 20. e4 dxe4 21. Nxe4 Nxe4 22. Bxe4 c5 23. Bxh7+ Kh8 {1-0 Marchand,F (2282)-Chapdelaine,R Le Touquet op 17th 2002 (8)}) 9... Qb6 10. Ndb5 O-O 11. Nc7 Qxb2 12. N3xd5 Nxd5 13. Nxd5 Bb4+ 14. Nxb4 Qxb4+ 15. Bd2 Qe7 16. e4 Rd8 17. O-O Be6 18. Qc2 Nd4 19. Qb2 Rac8 20. Be3 Nc2 21. Rab1 Nxe3 22. fxe3 b6 23. Rbd1 Qc5 24. Qf2 Qa5 25. Qf4 Rxd1 26. Rxd1 Qxa2 27. Qc7 h6 28. Rd8+ Rxd8 29. Qxd8+ Kh7 30. Qd3 Bc4 31. Qd1 Qe2 32. Qc1 a5 33. h4 b5 34. Qa3 a4 35. e5 Qd3 36. Qc5 a3 37. e6 fxe6 38. Qe5 Bd5 39. e4 Bc4 40. Kh2 a2 41. h5 Qd1 42. Bh3 a1=Q 43. Bf5+ exf5 44. Qxf5+ Kh8 0-1

[Event "Olympiad Women 2024"]
[Site "Budapest HUN"]
[Date "2024.09.18"]
[Round "7.63"]
[Board "3"]
[White "Sabreen Oraby"]
[Black "Nema, Rabab"]
[Result "1-0"]
[WhiteElo "1812"]
[BlackElo "1601"]
[PlyCount "87"]
[EventDate "2024.09.11"]
[WhiteTeam "Sudan"]
[BlackTeam "Kuwait"]
[WhiteTeamCountry "SUD"]
[BlackTeamCountry "KUW"]

1. c4 Nf6 2. g3 g6 3. Bg2 Bg7 4. Nc3 O-O 5. Nf3 d6 6. d4 c5 7. O-O Nc6 8. Bg5 ({RR} 8. dxc5) 8... h6 9. Be3 ({RR} 9. Bc1 Bf5 10. a3 Qd7 11. dxc5 dxc5 12. Qb3 Na5 13. Qa2 Bc2 14. b4 Bb3 15. Qb1 Bxc4 16. bxa5 Nd5 17. Nxd5 Qxd5 18. Bb2 Bxe2 19. Nd4 {1-0 Cordero,R (1761)-De los Santos,B (1438) Las Canas Easter op 1st 2022 (4)}) 9... Ng4 10. Rc1 $146 ({RR} 10. Qd2 Nb4 11. a3 Nxe3 12. fxe3 Nc6 13. dxc5 dxc5 14. Rfd1 Qa5 15. Nd5 e6 16. Nf4 Qc7 17. Qc2 b6 18. Rd2 Bb7 19. Rad1 Rad8 20. Bh3 Bc8 21. Bg2 Rxd2 22. Rxd2 Rd8 23. Rxd8+ Qxd8 24. Qe4 Ne7 {0-1 Masso,A-Francino Vallet,L Terrassa 1st 1960 (3)}) 10... Nxe3 11. fxe3 Bg4 12. d5 Ne5 13. b3 Qd7 14. e4 Bh3 15. Qd2 Bxg2 16. Kxg2 Rab8 17. Nxe5 dxe5 18. Rcd1 Rbd8 19. Qe3 b6 20. a4 a5 21. Nb5 f5 22. exf5 gxf5 23. Qf3 f4 24. Qe4 fxg3 25. hxg3 Rxf1 26. Rxf1 Rf8 27. Rxf8+ Kxf8 28. Qg6 Qe8 29. Qxb6 Qh5 30. Qxc5 Qxe2+ 31. Qf2+ Qxf2+ 32. Kxf2 Ke8 33. Na7 e4 34. Ke3 Be5 35. g4 Kd7 36. Kxe4 Bc3 37. c5 Bb4 38. c6+ Kc7 39. Nb5+ Kc8 40. Ke5 Bc5 41. Ke6 Bb4 42. Nd4 Kd8 43. Nf5 Ke8 44. c7 1-0

[Event "Olympiad Women 2024"]
[Site "Budapest HUN"]
[Date "2024.09.18"]
[Round "7.63"]
[Board "4"]
[White "Ajbali, Ghaleyah"]
[Black "Rawan Mansor"]
[Result "0-1"]
[WhiteElo "1513"]
[BlackElo "1717"]
[PlyCount "130"]
[EventDate "2024.09.11"]
[WhiteTeam "Kuwait"]
[BlackTeam "Sudan"]
[WhiteTeamCountry "KUW"]
[BlackTeamCountry "SUD"]

1. e4 c6 2. d4 d5 3. exd5 cxd5 4. Bd3 Nf6 5. h3 Nc6 6. c3 e6 7. Nf3 Bd6 8. O-O O-O 9. Re1 a6 ({RR} 9... Qc7 10. Qe2 b6 11. Ne5 Bb7 12. Nd2 Rfe8 13. f4 g6 14. g4 a6 15. h4 b5 16. a3 Na5 17. h5 Nc4 18. hxg6 hxg6 19. g5 Nh5 20. Qg4 Ng7 21. Nxg6 fxg6 22. Bxg6 Nf5 23. Nf3 Qg7 24. Bxe8 {½-½ Giri,A (2775)-Riazantsev,A (2654) Geneva FIDE GP 2017 (5)}) 10. Ne5 ({RR} 10. Nbd2 Bd7 11. Ne5 b5 12. Ndf3 b4 13. Bg5 Be7 14. Qc2 h6 15. Bxf6 Bxf6 16. Nxc6 Bxc6 17. cxb4 Bb7 18. Ne5 Rc8 19. Qe2 Qd6 20. a3 Bd8 21. Rac1 Bb6 22. Rxc8 Rxc8 23. Bxa6 Bxa6 24. Qxa6 Qc7 {1-0 Levitan,R (2101)-Snappir,E (1818) ch-ISR Open 2024 (7.29)}) 10... Qc7 11. Bf4 Nd7 12. Qh5 $146 ({RR} 12. Nxd7 Bxd7 13. Bxd6 Qxd6 14. Qh5 f5 15. Nd2 e5 16. dxe5 Nxe5 17. Bc2 Bc6 18. Nb3 b5 19. Nd4 g6 20. Qg5 Nf7 21. Qd2 Rae8 22. Re2 Rxe2 23. Qxe2 Re8 24. Qd2 Bb7 25. Rd1 Qe5 26. Bb3 Nd6 {1-0 Markin,D (1960)-Shcherbashin,V (1789) Borisoglebsk Summer op 2013 (3)}) 12... g6 13. Qe2 Ndxe5 14. Bxe5 Nxe5 15. dxe5 Bc5 16. Nd2 b6 17. b4 Be7 18. Rac1 b5 19. Nf3 Qb6 20. a3 Bd7 21. h4 Rfc8 22. h5 a5 23. hxg6 hxg6 24. Qb2 Ra7 25. g3 axb4 26. axb4 Rac7 27. Kg2 Kg7 28. Qd2 Rh8 29. Rh1 Rcc8 30. Qf4 Rcf8 31. Rxh8 Rxh8 32. Ng5 Be8 33. Nf3 Bd7 34. Ng5 Be8 35. Nf3 Bc6 36. Nd4 Bd7 37. Rh1 Rxh1 38. Kxh1 Qc7 39. Bxb5 Bxb5 40. Nxb5 Qc6 41. Nd6 Bxd6 42. exd6 d4+ 43. Kh2 dxc3 44. d7 Qxd7 45. Qe5+ Kf8 46. Qxc3 Qa7 47. Kg2 Ke7 48. f3 Qb7 49. Qc5+ Kd7 50. b5 Qc7 51. Qd4+ Kc8 52. b6 Qc6 53. g4 Kb7 54. Kg3 Qxb6 55. Qxb6+ Kxb6 56. Kf4 Kc6 57. Ke5 Kd7 58. Kf6 Ke8 59. f4 Kf8 60. g5 Ke8 61. Kg7 Ke7 62. Kh6 e5 63. fxe5 Ke6 64. Kg7 Kxe5 65. Kxf7 Kf5 0-1

[Event "Olympiad Women 2024"]
[Site "Budapest HUN"]
[Date "2024.09.18"]
[Round "7.64"]
[Board "2"]
[White "Bantiwalu, Aster"]
[Black "Ashbrooke, Monika"]
[Result "1/2-1/2"]
[WhiteElo "1704"]
[BlackElo "1650"]
[PlyCount "119"]
[EventDate "2024.09.11"]
[WhiteTeam "Ethiopia"]
[BlackTeam "Jersey"]
[WhiteTeamCountry "ETH"]

1. e4 e6 2. Nc3 d5 3. exd5 exd5 4. d4 c6 5. Nf3 Bd6 6. Be2 Ne7 7. O-O O-O 8. a3 ({RR} 8. Re1 Qc7 9. h3 Bf5 10. Bd3 Bxd3 11. Qxd3 Nd7 12. Bg5 Ng6 13. Re2 h6 14. Bd2 Nf6 15. Qf5 Ne7 16. Qd3 Ng6 17. Qf5 Qd7 18. Qxd7 Nxd7 19. Rae1 Rad8 20. g3 Nf6 21. Kg2 Rde8 22. Ne5 Ne7 {½-½ Simon,G (2165)-Bjeloruseps,M (2345) Bad Zwesten op 2nd 1998 (3)}) ({RR} 8. Re1 Bg4 9. h3 Bh5 10. Ng5 Bg6 11. Bd3 h6 12. Bxg6 Nxg6 13. Nf3 Nd7 14. Ne2 Nf6 15. Ng3 Bxg3 16. fxg3 Ne4 17. g4 Qf6 18. Rf1 Qd6 19. Nd2 Ng3 20. Rf3 Rae8 21. Nf1 Ne2+ 22. Kh1 Nxc1 {0-1 Gba,Z (1427)-Giulian,R (1922) Olympiad Women 2024 (1.59)}) 8... a5 9. Bg5 $146 ({RR} 9. Bd3 Bf5 10. Bg5 f6 11. Bh4 Bxd3 12. Qxd3 Na6 13. Ne2 Qc7 14. Bg3 Rfe8 15. Rac1 b5 16. Bxd6 Qxd6 17. Ng3 Qf4 18. Rfe1 Nc7 19. Re3 g6 20. Rce1 Kf7 21. Qd2 Qd6 22. R3e2 Ng8 23. Rxe8 Nxe8 {0-1 Rosenthal,R (1785)-Mattern,M (1970) Bahn-chG Bad Laasphe 1994 (5)}) 9... f6 10. Be3 Bc7 11. h3 Nf5 12. Bd3 Qd6 13. Bxf5 Bxf5 14. Ne2 g5 15. Ng3 Be4 16. Nd2 Bg6 17. f4 Nd7 18. c3 Rae8 19. Qf3 Qe7 20. Rae1 h6 21. Qf2 Bd3 22. Qf3 Bxf1 23. Ngxf1 Bxf4 24. Bf2 Qd6 25. Rxe8 Rxe8 26. Qh5 Qf8 27. Nb3 b6 28. h4 Kg7 29. a4 Qf7 30. Qd1 c5 31. dxc5 Nxc5 32. Nd4 Qd7 33. Nb5 Ne4 34. Bxb6 Ng3 35. hxg5 hxg5 36. Nd4 Nxf1 37. Kxf1 Bg3 38. Ne2 Qf5+ 39. Kg1 Qe5 40. Nxg3 Qxg3 41. Bf2 Qb8 42. Qxd5 Rd8 43. Qf3 Qxb2 44. Bd4 Qc1+ 45. Kf2 Qf4 46. Qxf4 gxf4 47. Kf3 Kg6 48. Kxf4 Rc8 49. Ke4 Rc4 50. Kd5 Rxa4 51. c4 Ra2 52. c5 Rxg2 53. c6 Rh2 54. c7 Rh8 55. Kc4 Rc8 56. Bb6 a4 57. Kb4 f5 58. Kxa4 f4 59. Kb5 f3 60. Kc6 1/2-1/2